Welcome to CU Library Online Public Access Catalogue (OPAC)

Survivors on the Gold Coast : (Record no. 6143)

MARC details
000 -LEADER
fixed length control field 00680cam a2200193 a 4500
001 - CONTROL NUMBER
control field 12409276
005 - DATE AND TIME OF LATEST TRANSACTION
control field 20250602135018.0
008 - FIXED-LENGTH DATA ELEMENTS--GENERAL INFORMATION
fixed length control field 010227s2000 gh a b 000 0 eng
020 ## - INTERNATIONAL STANDARD BOOK NUMBER
International Standard Book Number 9988600011
050 00 - LIBRARY OF CONGRESS CALL NUMBER
Classification number BV3625.G6
Item number S39 2000
082 00 - DEWEY DECIMAL CLASSIFICATION NUMBER
Classification number 366/.0234940667
Edition information 21
100 1# - MAIN ENTRY--PERSONAL NAME
Personal name Schweizer, Peter A.
Fuller form of name (Peter Alexander),
Dates associated with a name 1941-
245 10 - TITLE STATEMENT
Title Survivors on the Gold Coast :
Remainder of title the Basel missionaries in colonial Ghana /
Statement of responsibility, etc. by Peter A. Schweizer ; with a foreword by Otumfuo Osei Tutu II.
260 ## - PUBLICATION, DISTRIBUTION, ETC.
Place of publication, distribution, etc. Cantonments, Accra, Ghana :
Name of publisher, distributor, etc. Smartline Pub.,
Date of publication, distribution, etc. 2000.
300 ## - PHYSICAL DESCRIPTION
Extent 201 p. :
Other physical details ill. ;
Dimensions 27 cm.
650 #0 - SUBJECT ADDED ENTRY--TOPICAL TERM
Topical term or geographic name entry element Missions
Geographic subdivision Ghana.
650 #0 - SUBJECT ADDED ENTRY--TOPICAL TERM
Topical term or geographic name entry element Missionaries
Geographic subdivision Ghana.
942 ## - ADDED ENTRY ELEMENTS (KOHA)
Source of classification or shelving scheme Library of Congress Classification
Koha item type Books
Suppress in OPAC No
999 ## -
-- 6143
-- 6143
Holdings
Withdrawn status Lost status Source of classification or shelving scheme Damaged status Not for loan Collection Home library Current library Shelving location Date acquired Total checkouts Full call number Barcode Date last seen Copy number Price effective from Koha item type
    Library of Congress Classification     Non-fiction Undergraduate Library (Christ Temple) Undergraduate Library (Christ Temple) General stacks 06/02/2025   BV362.G6 SCH ulct00002847 06/02/2025 1 06/02/2025 Books
    Library of Congress Classification     Non-fiction Undergraduate Library (Christ Temple) Undergraduate Library (Christ Temple) General stacks 06/02/2025   BV362.G6 SCH ulct00002848 06/02/2025 2 06/02/2025 Books
© 2023-2024 Copyright: Central University Libraries. All Rights Reserved | Created by: Mahone Tech Office